[Event "POL-chT3"]
[Site "Jastrzebia Gora POL"]
[Date "2016.09.03"]
[Round "1.84"]
[White "Paprocka, Renata"]
[Black "Mackiewicz, Anna"]
[Result "1-0"]
[WhiteElo "1973"]
[BlackElo "1943"]
[EventDate "2016.09.02"]

1.d4 Nf6 2.Nf3 e6 3.c4 Bb4+ 4.Bd2 Qe7 5.Nc3 Bxc3 6.Bxc3 Ne4 7.Qc2 f5 8.g3 
Nxc3 9.Qxc3 b6 10.Bg2 Bb7 11.Rd1 Be4 12.O-O O-O 13.Nd2 Bxg2 14.Kxg2 d6 15.
f4 Nd7 16.e4 Rf6 17.e5 dxe5 18.dxe5 Rh6 19.Nf3 Nc5 20.Ng5 a5 21.Qf3 Rf8 
22.Rd2 Rg6 23.Rfd1 h6 24.Nh3 Qh4 25.Nf2 Qe7 26.b3 Qe8 27.Rd4 h5 28.h4 Rh6 
29.Nh3 Ne4 30.Ng5 Nxg5 31.hxg5 Rh7 32.Rd8 Qe7 33.R1d7 Qa3 34.Rxf8+ Qxf8 
35.Qc6 g6 36.Qxe6+ Kh8 37.Rxh7+ Kxh7 38.Qd7+ Kg8 39.Qxc7 Qa8+ 40.Kh2 Qf3 
41.Qd8+ Kg7 42.Qf6+ Kh7 43.Qf7+ Kh8 44.Qf8+ Kh7 45.Qh6+ Kg8 46.Qxg6+ Kh8 
47.Qe8+ Kg7 48.Qd7+ Kf8 49.Qxf5+ Ke7 50.Qf6+ Ke8 51.Qe6+ Kf8 52.Qd6+ Kg7 
53.Qd2 h4 54.gxh4 Kg6 55.e6 Qe4 56.Kg3 Qxe6 57.Qd3+ Kg7 58.Qd4+ Kh7 59.Qe5
Qd7 60.Qd5 Qe8 61.Kg4 Qe2+ 62.Kf5 Qc2+ 63.Qe4 Qc3 64.h5 Kg8 65.Qe8+ Kh7 
66.Qf7+ 1-0

[Event "POL-chT3"]
[Site "Jastrzebia Gora POL"]
[Date "2016.09.03"]
[Round "1.85"]
[White "Liberadzki, Slawomir"]
[Black "Pulik, Krzysztof"]
[Result "0-1"]
[WhiteElo "2013"]
[BlackElo "2171"]
[EventDate "2016.09.02"]

1.d4 d5 2.Nf3 e6 3.c4 c5 4.cxd5 exd5 5.Nc3 Nc6 6.e3 c4 7.Bd2 Bb4 8.Be2 Nf6
9.O-O O-O 10.b3 Bxc3 11.Bxc3 b5 12.Ne5 Bb7 13.Bf3 Qc7 14.Rb1 a6 15.bxc4 
dxc4 16.a4 Nxe5 17.dxe5 Ne4 18.Bd4 Ng5 19.Bxb7 Qxb7 20.Qc2 Rfc8 21.Rb4 
Rab8 22.axb5 axb5 23.Rfb1 Ne6 24.Qb2 Nxd4 25.exd4 c3 26.Qe2 Qd5 27.Qd3 c2 
28.Rc1 Rc4 29.Rxc4 bxc4 30.Qxc2 Qxd4 31.Rd1 Qc5 32.g3 h6 33.Rc1 Rc8 34.Qc3
Kf8 35.Re1 Qd5 36.Qb4+ Kg8 37.Qd6 Rd8 38.Qxd5 Rxd5 39.e6 fxe6 40.Rxe6 Rc5 
41.Re2 Kf7 42.Kf1 Kf6 43.Ke1 Re5 44.Kd2 Rxe2+ 45.Kxe2 Ke5 46.Ke3 Kd5 47.f3
Kc5 48.f4 Kb4 49.Kd2 Kb3 50.Kc1 Kc3 51.g4 Kd3 52.g5 Ke4 53.gxh6 gxh6 54.
Kc2 Kxf4 55.Kc3 Kg4 56.Kxc4 Kh3 57.Kd4 Kxh2 58.Ke5 Kg3 0-1

[Event "POL-chT3"]
[Site "Jastrzebia Gora POL"]
[Date "2016.09.03"]
[Round "1.86"]
[White "Lewtak, Dominik"]
[Black "Szymczak, Rafal"]
[Result "1/2-1/2"]
[WhiteElo "2095"]
[BlackElo "2007"]
[EventDate "2016.09.02"]

1.Nf3 f5 2.d4 Nf6 3.c4 e6 4.Nc3 d5 5.Bf4 c6 6.e3 Bd6 7.Bd3 O-O 8.O-O Ne4 
9.Rc1 Qe7 10.Re1 Nd7 11.Qc2 Ndf6 12.Bxd6 Qxd6 13.Ne5 Nd7 14.f4 Nxc3 15.
Qxc3 Nxe5 16.dxe5 Qe7 17.b4 Bd7 18.Qb3 Rfc8 19.c5 b5 20.a4 a6 21.axb5 axb5
22.Ra1 Qd8 23.Qb2 Rc7 24.Ra3 Rca7 25.Rea1 Qc7 26.R1a2 Bc8 27.Qa1 Rxa3 28.
Rxa3 Rxa3 29.Qxa3 Kf7 30.Kf2 Ke8 31.Be2 Qb7 32.g4 Qa6 33.Qxa6 Bxa6 34.Kg3 
g6 35.gxf5 exf5 36.Kh4 h6 37.Kg3 Bc8 38.Kf2 Be6 39.Ke1 Kd7 40.Kd2 Kc7 41.
h3 Kd7 42.Ke1 Ke7 43.Kf2 Kf7 44.Kg3 Ke7 45.Kh4 Kf7 46.Bf3 Ke7 47.Kg3 Kf7 
48.h4 h5 49.Kf2 1/2-1/2

[Event "POL-chT3"]
[Site "Jastrzebia Gora POL"]
[Date "2016.09.03"]
[Round "1.87"]
[White "Sielicki, Tomasz"]
[Black "Wozniak, Maciej"]
[Result "1/2-1/2"]
[WhiteElo "1962"]
[BlackElo "2075"]
[EventDate "2016.09.02"]

1.d4 Nf6 2.Bg5 Ne4 3.h4 d5 4.e3 h6 5.Bf4 Bf5 6.f3 Nf6 7.g4 Bh7 8.Bd3 Bxd3 
9.Qxd3 c6 10.Ne2 e6 11.Nbc3 Qa5 12.a3 Nfd7 13.Kf2 Be7 14.e4 O-O 15.g5 h5 
16.g6 f6 17.exd5 cxd5 18.Ng3 Nc6 19.Rae1 Nxd4 20.b4 Qxa3 21.Nxd5 Bxb4 22.
Nxb4 Qxb4 23.Bd2 Qc5 24.Kg2 Ne5 25.Qe3 Qxc2 26.Rc1 Qd3 27.Rc7 Qxe3 28.Bxe3
Rfc8 29.Rxc8+ Rxc8 30.Bxd4 Rc2+ 31.Bf2 b5 32.Ra1 Nxg6 33.Nxh5 Nxh4+ 34.Kf1
Nf5 35.Rxa7 b4 36.Rb7 Rb2 37.Nf4 e5 38.Nd3 Rb1+ 39.Ke2 b3 40.Kd2 Nd6 41.
Rb4 Kf7 42.Kc3 Kg6 43.Rxb3 Rxb3+ 44.Kxb3 Kf5 45.Kc2 e4 46.fxe4+ Kxe4 47.
Kd2 Kf3 48.Ke1 g5 49.Kf1 Ne4 50.Ne1+ Kg4 51.Kg2 Nd2 52.Be3 Nc4 53.Bc1 f5 
54.Nf3 f4 55.Nxg5 Kxg5 56.Bxf4+ 1/2-1/2

[Event "POL-chT3"]
[Site "Jastrzebia Gora POL"]
[Date "2016.09.03"]
[Round "1.88"]
[White "Bielawski, Michal"]
[Black "Koziol, Pawel"]
[Result "1/2-1/2"]
[WhiteElo "2021"]
[BlackElo "1855"]
[EventDate "2016.09.02"]

1.d4 Nf6 2.c4 e6 3.Nc3 d5 4.Nf3 Be7 5.Bg5 O-O 6.e3 h6 7.Bh4 Ne4 8.Bxe7 
Qxe7 9.Bd3 Nxc3 10.bxc3 Rd8 11.O-O c5 12.Ne5 Nc6 13.f4 Nxe5 14.fxe5 Bd7 
15.Qe2 dxc4 16.Bxc4 Bc6 17.Rf4 cxd4 18.exd4 b5 19.Bb3 Bd5 20.Bc2 Rd7 21.
Qxb5 Qg5 22.Rf2 Rc7 23.Qd3 g6 24.Bb3 Rac8 25.c4 Bxc4 26.Bxc4 Rxc4 27.Raf1 
R4c7 28.g3 Qd8 29.h4 h5 30.Kh2 Rd7 31.Rf4 Kg7 32.Qf3 Rc2+ 33.Kh3 Qc7 34.
Rf2 Rxf2 35.Qxf2 Qb7 36.Kh2 Rc7 37.Qd2 Qb1 38.Rf2 Rc1 39.Qf4 Rh1+ 40.Kg2 
Rg1+ 41.Kh2 Rh1+ 42.Kg2 Qg1+ 43.Kf3 Qd1+ 44.Kg2 Rg1+ 1/2-1/2

[Event "POL-chT3"]
[Site "Jastrzebia Gora POL"]
[Date "2016.09.03"]
[Round "1.90"]
[White "Krzyzanowska-zadlo, Lidia"]
[Black "Bartczak, Hanna"]
[Result "1-0"]
[WhiteElo "1848"]
[BlackElo "1521"]
[EventDate "2016.09.02"]

1.e4 d6 2.d4 Nf6 3.Bd3 c6 4.Nf3 e5 5.c3 Bg4 6.Be3 Nbd7 7.O-O Be7 8.h3 Bh5 
9.Nbd2 O-O 10.Qb3 Qc7 11.g4 Bg6 12.Nh4 Bxe4 13.Nxe4 Nxe4 14.Nf5 Ndf6 15.g5
exd4 16.cxd4 d5 17.gxf6 Bxf6 18.Bxe4 dxe4 19.Ng3 Rfe8 20.Rac1 Qd7 21.Kg2 
Re6 22.Rfd1 Rd8 23.Rd2 b6 24.Rcd1 Qe8 25.Qa4 Qe7 26.Qc4 g6 27.d5 cxd5 28.
Rxd5 Rxd5 29.Qxd5 Kg7 30.Rd2 Bh4 31.Qd7 f5 32.Qc8 Rd6 33.Rc2 Rd7 34.Ne2 
Bf6 35.Nf4 Be5 36.Kf1 Rd1+ 37.Ke2 Rd8 38.Qxd8 Qxd8 39.Ne6+ 1-0

[Event "POL-chT3"]
[Site "Jastrzebia Gora POL"]
[Date "2016.09.03"]
[Round "1.91"]
[White "Helis, Tadeusz"]
[Black "Banach, Szymon"]
[Result "1-0"]
[WhiteElo "2241"]
[BlackElo "1996"]
[EventDate "2016.09.02"]

1.c4 Nf6 2.Nc3 g6 3.g3 Bg7 4.Bg2 O-O 5.e4 d6 6.Nge2 e5 7.d3 Be6 8.O-O Qc8 
9.f4 Nc6 10.Nd5 Bg4 11.Ne3 Bxe2 12.Qxe2 Nd4 13.Qd1 c6 14.f5 g5 15.Ng4 Nxg4
16.Qxg4 f6 17.Bd2 c5 18.Rab1 a5 19.b3 b6 20.Bc3 Nc6 21.h4 h6 22.Bf3 Ra7 
23.Kg2 Qe8 24.a4 Rc7 25.Rh1 Ra7 26.Rh2 Nd8 27.Rbh1 Qe7 28.Bd2 Nf7 29.Qh3 
Rc7 30.Bh5 Ra7 31.Bxf7+ Rxf7 32.Qg4 Rf8 33.hxg5 fxg5 34.Rxh6 Bxh6 35.Rxh6 
Qe8 36.Bxg5 Rg7 37.Qh4 1-0

[Event "POL-chT3"]
[Site "Jastrzebia Gora POL"]
[Date "2016.09.03"]
[Round "1.92"]
[White "Nowak, Rafal"]
[Black "Walkusz, Witoslaw"]
[Result "0-1"]
[WhiteElo "2050"]
[BlackElo "2140"]
[EventDate "2016.09.02"]

1.e4 c6 2.d4 d5 3.Nc3 dxe4 4.Nxe4 Nf6 5.Nxf6+ exf6 6.c3 Bf5 7.Bd3 Bxd3 8.
Qxd3 Bd6 9.Nf3 O-O 10.O-O Qc7 11.c4 Re8 12.Bd2 Nd7 13.b4 Rad8 14.Rfe1 g6 
15.Re2 Qc8 16.Rae1 f5 17.c5 Bf8 18.Bg5 f6 19.Qc4+ Kg7 20.Bf4 Nb8 21.h4 
Rxe2 22.Rxe2 Na6 23.Ne5 Rd5 24.Nf3 Nc7 25.Qc1 Ne6 26.Bh6+ Kf7 27.Bxf8 Qxf8
28.Qe3 Nc7 29.Nd2 Qe8 30.Qf3 Ne6 31.Nc4 Rxd4 32.Qb3 Qd7 33.Nd6+ Ke7 34.h5 
Rd5 35.hxg6 hxg6 36.Qh3 Rd1+ 37.Kh2 Rxd6 38.cxd6+ Qxd6+ 39.g3 Qd3 40.Re3 
Qd2 41.Qh7+ Kd6 42.Kg2 f4 43.gxf4 Nxf4+ 44.Kf3 Nd5 45.Qh2+ Kd7 46.Qh7+ Kd6
47.Qh2+ Kd7 48.Qh7+ Kd8 49.Re6 Qf4+ 0-1

[Event "POL-chT3"]
[Site "Jastrzebia Gora POL"]
[Date "2016.09.03"]
[Round "1.93"]
[White "Rawski, Slawomir"]
[Black "Jozefczak, Andrzej"]
[Result "1-0"]
[WhiteElo "2175"]
[BlackElo "2035"]
[EventDate "2016.09.02"]

1.d4 e6 2.Nf3 d5 3.e3 f5 4.b3 Nf6 5.Ba3 Be7 6.Bxe7 Qxe7 7.c4 c6 8.Nbd2 O-O
9.Ne5 Bd7 10.Bd3 Be8 11.O-O Nbd7 12.Nxd7 Qxd7 13.b4 Bh5 14.Qc2 Qd6 15.Rab1
b6 16.Rfc1 Qd7 17.cxd5 cxd5 18.Ba6 Rfd8 19.Nf3 Bxf3 20.gxf3 Ne8 21.Qc6 Nd6
22.Qxd7 Rxd7 23.Rc6 Kf7 24.a4 Rb8 25.Rbc1 Ke7 26.Bc8 Rxc8 27.Rxc8 Nxc8 28.
Rxc8 Rd8 29.Rc1 Kd7 30.Kg2 g5 31.h4 h6 32.hxg5 hxg5 33.Rh1 Re8 34.Rh5 Re7 
35.Rxg5 Kd6 36.Rg8 Rc7 37.Rd8+ Ke7 38.Ra8 Kd6 39.Kg3 Rc4 40.Rxa7 Rxb4 41.
Kf4 e5+ 42.Kxf5 exd4 43.e4 d3 44.e5+ Kc5 45.Rc7+ Kd4 46.Rc1 Rxa4 47.e6 d2 
48.Rd1 Kd3 49.e7 Ra8 50.Ke6 d4 51.f4 Ke2 52.Rxd2+ Kxd2 53.f5 Ke2 54.f6 d3 
55.f7 d2 56.e8=Q Rxe8+ 57.fxe8=Q d1=Q 58.Qh5+ Ke1 59.Qxd1+ Kxd1 60.Kd5 1-0

[Event "POL-chT3"]
[Site "Jastrzebia Gora POL"]
[Date "2016.09.03"]
[Round "1.94"]
[White "Zurawski, Kamil"]
[Black "Cichon, Michal"]
[Result "0-1"]
[WhiteElo "1648"]
[BlackElo "2021"]
[EventDate "2016.09.02"]

1.e4 e5 2.Nf3 Nc6 3.Bc4 d6 4.h3 Be7 5.O-O Nf6 6.Re1 O-O 7.d4 exd4 8.Nxd4 
Nxd4 9.Qxd4 Nd7 10.c3 Ne5 11.Bf4 Bf6 12.Bxe5 Bxe5 13.Qe3 Qh4 14.Nd2 Bf4 
15.Qd3 Qh6 16.Rad1 Be6 17.Nb3 Be5 18.Nd4 Rae8 19.Nb5 c6 20.Nxd6 Bxd6 21.
Qxd6 Bxc4 22.Qd4 Bxa2 23.Qxa7 Bb3 24.Rd7 b5 25.Qa3 Bc4 26.b3 Bd5 27.f3 Qd2
28.Rc1 Ra8 0-1

[Event "POL-chT3"]
[Site "Jastrzebia Gora POL"]
[Date "2016.09.03"]
[Round "1.95"]
[White "Drzazga, Rafal"]
[Black "Butyrowski, Marcel"]
[Result "1/2-1/2"]
[WhiteElo "2068"]
[BlackElo "1776"]
[EventDate "2016.09.02"]

1.e4 c5 2.Nc3 Nc6 3.g3 g6 4.Bg2 Bg7 5.Nge2 d6 6.h3 Rb8 7.a4 Bd7 8.O-O Nd4 
9.d3 Qc8 10.Kh2 a6 11.Nd5 Bc6 12.Nb6 Qc7 13.a5 e6 14.c3 Nxe2 15.Qxe2 Ne7 
16.Bf4 O-O 17.Qe3 e5 18.Bg5 f5 19.Rad1 Nc8 20.Nc4 b5 21.axb6 Nxb6 22.exf5 
Rxf5 23.g4 Rf7 24.Nd2 Bxg2 25.Kxg2 Qc6+ 26.Ne4 Nd5 27.Qe2 h6 28.Bc1 Nf4+ 
29.Bxf4 exf4 30.f3 d5 31.Nf2 Re8 32.Qd2 Re3 33.Rde1 Rfe7 34.Nd1 Rxe1 35.
Rxe1 Qe8 36.Rxe7 Qxe7 37.Qxf4 Qe2+ 38.Nf2 Qxb2 39.Qd6 Qxc3 40.Qxg6 Qf6 41.
Qe8+ Kh7 42.Qc8 Qd6 43.h4 a5 44.g5 hxg5 45.hxg5 a4 46.Qf5+ Kg8 47.g6 a3 
48.Ng4 Kh8 49.Qh5+ Kg8 50.Qf5 1/2-1/2

[Event "POL-chT3"]
[Site "Jastrzebia Gora POL"]
[Date "2016.09.03"]
[Round "1.96"]
[White "Wilk, Oktawia"]
[Black "Mikulewicz, Joanna"]
[Result "0-1"]
[WhiteElo "1704"]
[BlackElo "2075"]
[EventDate "2016.09.02"]

1.e4 c5 2.Nf3 d6 3.d4 cxd4 4.Nxd4 Nf6 5.Nc3 Nc6 6.Be2 e6 7.Be3 Be7 8.O-O 
a6 9.Nxc6 bxc6 10.f3 O-O 11.Qd3 Qc7 12.Na4 Rb8 13.c4 Rd8 14.Qc2 c5 15.b3 
Bb7 16.Rac1 Bc6 17.Nc3 Qb7 18.Bd3 h6 19.Rfe1 Nd7 20.Bf4 Ne5 21.Be2 Bf6 22.
Red1 Qe7 23.Bg3 Be8 24.Bf1 Rb7 25.Ne2 Nc6 26.Bf2 a5 27.a3 Qc7 28.Kh1 a4 
29.bxa4 Rb2 30.Qd3 Ne5 31.Qe3 Bxa4 32.Re1 Qb7 33.Bg1 Rb3 34.Nc3 Nc6 35.Qd2
Qa6 36.Nb5 Qa5 37.Qxa5 Nxa5 38.Rb1 Nc6 39.Rxb3 Bxb3 40.Re3 Ba4 41.Rd3 Be7 
42.Rd2 Na5 43.Nc3 Bb3 44.Bf2 Bxc4 45.Bxc4 Nxc4 46.Ra2 d5 47.exd5 exd5 48.
a4 d4 49.Nd1 Rb8 50.Ra1 Na5 51.Bg3 Rb7 52.Be1 Nb3 53.Rb1 c4 54.a5 Nxa5 0-1

[Event "POL-chT3"]
[Site "Jastrzebia Gora POL"]
[Date "2016.09.03"]
[Round "1.97"]
[White "Grajczak, Adrian"]
[Black "Mucha, Roman"]
[Result "0-1"]
[WhiteElo "2022"]
[BlackElo "2190"]
[EventDate "2016.09.02"]

1.e4 c5 2.g3 g6 3.Bg2 Bg7 4.Ne2 Nc6 5.O-O e6 6.c3 Nge7 7.d4 cxd4 8.cxd4 d5
9.e5 Nf5 10.b3 O-O 11.Ba3 Re8 12.Qd3 b6 13.b4 Bf8 14.b5 Na5 15.Bxf8 Rxf8 
16.Nbc3 a6 17.a4 axb5 18.axb5 Bd7 19.g4 Ne7 20.Qe3 Kg7 21.Ng3 Rc8 22.Rfb1 
Nc4 23.Qg5 Ng8 24.Nh5+ Kh8 25.Nf6 h6 26.Qf4 g5 27.Qf3 Nxf6 28.Qxf6+ Qxf6 
29.exf6 Nd2 30.Rb2 Rxc3 31.Rxd2 Bxb5 32.Bf1 Bc4 33.Bxc4 Rxc4 34.Ra7 Kh7 
35.Rb7 Rb4 36.h4 gxh4 37.f4 Kg6 38.f5+ exf5 39.gxf5+ Kxf5 40.Rd7 Ke6 41.
Re7+ Kxf6 42.Re5 Rg8+ 43.Kh2 Rg5 44.Rf2+ Kg6 45.Re7 f5 46.Rc2 Kh5 47.Rc6 
Rxd4 48.Rxb6 Rd2+ 49.Kh1 f4 50.Rxh6+ Kxh6 51.Rh7+ Kg6 52.Rh6+ Kf5 53.Rf6+ 
Ke5 54.Re6+ Kd4 55.Re4+ Kd3 56.Re3+ Kc2 57.Rc3+ Kd1 58.Rc1+ Ke2 59.Re1+ 
Kf3 60.Re3+ Kg4 0-1

[Event "POL-chT3"]
[Site "Jastrzebia Gora POL"]
[Date "2016.09.03"]
[Round "1.98"]
[White "Bus, Konrad"]
[Black "Brylowski, Marian"]
[Result "1-0"]
[WhiteElo "2245"]
[BlackElo "2051"]
[EventDate "2016.09.02"]

1.d4 g6 2.e4 d6 3.c4 Bg7 4.Nc3 c5 5.d5 Nf6 6.Nf3 O-O 7.h3 b5 8.cxb5 a6 9.
a4 Bd7 10.bxa6 Nxa6 11.Bc4 Qb6 12.Qe2 Rfb8 13.O-O Ne8 14.e5 Nec7 15.exd6 
exd6 16.Qe7 Rd8 17.Ng5 Be8 18.Nce4 Be5 19.Nf6+ Bxf6 20.Qxf6 Nb4 21.Rd1 h6 
22.b3 Nc2 23.Bb2 Nd4 24.Nf3 Bd7 25.Nxd4 Ne8 26.Qh4 h5 27.Nf3 Rdb8 28.Qf4 
Bxa4 29.Qh6 f6 30.Qxg6+ Kf8 31.Re1 Bxb3 32.Rxe8+ 1-0

[Event "POL-chT3"]
[Site "Jastrzebia Gora POL"]
[Date "2016.09.03"]
[Round "1.99"]
[White "Brylowski, Stefan"]
[Black "Bednarczyk, Damian"]
[Result "0-1"]
[WhiteElo "1900"]
[BlackElo "2158"]
[EventDate "2016.09.02"]

1.c4 e5 2.Nc3 Nf6 3.Nf3 Nc6 4.g3 d5 5.cxd5 Nxd5 6.Bg2 Nb6 7.b3 Be7 8.Bb2 
O-O 9.O-O Re8 10.d4 exd4 11.Nb5 Bf6 12.Nfxd4 Nxd4 13.Bxd4 c6 14.Bxf6 Qxf6 
15.Nd6 Rd8 16.Ne4 Qe7 17.Qc1 Bf5 18.Nc3 Qb4 19.e4 Rd3 20.Qf4 Qxc3 21.Qxf5 
Qd4 22.Kh1 g6 23.Qf4 Rd8 24.Rab1 Nd7 25.Qc7 Nc5 26.f3 Rd2 27.a4 Nd3 28.h4 
Rd7 29.Qa5 Nf2+ 30.Kh2 Nd1 31.Qg5 Ne3 32.Rg1 Re2 33.Rbe1 Rxg2+ 34.Rxg2 
Nxg2 35.Kxg2 Qb2+ 36.Kh3 h5 37.Qe3 Rd2 38.Rh1 b6 39.Qf4 Qd4 40.g4 Qf2 41.
Rh2 hxg4+ 0-1

[Event "POL-chT3"]
[Site "Jastrzebia Gora POL"]
[Date "2016.09.03"]
[Round "1.100"]
[White "Slezak, Robert"]
[Black "Aleksandrowicz, Marek"]
[Result "1/2-1/2"]
[WhiteElo "2134"]
[BlackElo "1947"]
[EventDate "2016.09.02"]

1.e4 e5 2.Nf3 Nc6 3.Bc4 Nf6 4.d3 Be7 5.O-O O-O 6.Re1 d6 7.c3 Na5 8.Bb5 a6 
9.Ba4 b5 10.Bc2 c5 11.Nbd2 Re8 12.Nf1 h6 13.Ng3 Bf8 14.h3 d5 15.Qe2 Bb7 
16.Nh2 g6 17.Ng4 Nxg4 18.Qxg4 Bg7 19.a3 h5 20.Qf3 c4 21.dxc4 bxc4 22.exd5 
Bxd5 23.Be4 Bxe4 24.Nxe4 f5 25.Ng3 e4 26.Qe3 Nb3 27.Ra2 Qd6 28.Qg5 Rad8 
29.Ne2 Qf6 30.Be3 Qxg5 31.Bxg5 Rd7 32.Be3 Red8 33.Nf4 Kf7 34.h4 Bh6 
1/2-1/2

[Event "POL-chT3"]
[Site "Jastrzebia Gora POL"]
[Date "2016.09.03"]
[Round "1.101"]
[White "Pelowski, Zdzislaw"]
[Black "Mucha, Magdalena"]
[Result "0-1"]
[WhiteElo "1761"]
[BlackElo "1947"]
[EventDate "2016.09.02"]

1.d4 g6 2.c4 Bg7 3.Nc3 d6 4.g3 Nd7 5.Bg2 e5 6.Nf3 Ngf6 7.Bg5 h6 8.Bxf6 
Bxf6 9.O-O Bg7 10.e3 O-O 11.Qc2 c6 12.Rad1 Qe7 13.b4 f5 14.dxe5 dxe5 15.c5
Kh7 16.Nd2 e4 17.Ne2 Ne5 18.Nc4 Nxc4 19.Qxc4 Be6 20.Qc2 a5 21.b5 cxb5 22.
Rd6 Be5 23.Rb6 Bc4 24.c6 bxc6 25.Rxc6 Qd7 26.Rc5 Qd6 27.Rxc4 bxc4 28.Rd1 
Qc6 29.Nd4 Bxd4 30.Rxd4 c3 31.Bf1 Rac8 32.a4 Rfd8 33.Bb5 Qf6 34.Rc4 Rxc4 
35.Bxc4 Rd2 36.Qc1 c2 37.Qxd2 Qa1+ 38.Kg2 c1=Q 39.Qd7+ Qg7 40.Qb5 Qd1 41.
Be2 Qd2 42.Qc4 Qb4 43.Qc6 h5 44.h4 Qd2 45.Bc4 Qgd7 46.Qa8 Qd8 47.Qb7+ Kh6 
48.Qa6 f4 0-1

[Event "POL-chT3"]
[Site "Jastrzebia Gora POL"]
[Date "2016.09.03"]
[Round "1.102"]
[White "Tracz, Marcelina"]
[Black "Buchta, Agnieszka"]
[Result "1/2-1/2"]
[WhiteElo "1825"]
[BlackElo "1611"]
[EventDate "2016.09.02"]

1.e4 c5 2.Nf3 e6 3.d4 cxd4 4.Nxd4 Nf6 5.Nc3 Bb4 6.e5 Nd5 7.Bd2 Nxc3 8.bxc3
Be7 9.Qg4 g6 10.Bd3 a6 11.O-O d5 12.f4 Bd7 13.a4 Nc6 14.Qe2 O-O 15.Nxc6 
Bxc6 16.Be3 Rc8 17.a5 Qd7 18.Rfd1 Ba4 19.c4 d4 20.Be4 Bc5 21.Bf2 Rc7 22.
Rd3 Bc6 23.Bxc6 Qxc6 24.Bxd4 Bb4 25.Rb3 Qxc4 26.Qxc4 Rxc4 27.c3 Bc5 28.
Bxc5 Rxc5 29.Rxb7 Rxc3 30.Ra7 Rc6 31.Rb1 Rfc8 32.Rb2 1/2-1/2

[Event "POL-chT3"]
[Site "Jastrzebia Gora POL"]
[Date "2016.09.04"]
[Round "2.1"]
[White "Szwed, Jacek"]
[Black "Helis, Tadeusz"]
[Result "1/2-1/2"]
[WhiteElo "2402"]
[BlackElo "2241"]
[EventDate "2016.09.02"]

1.e4 c5 2.Nc3 Nc6 3.Nf3 Nd4 4.Nxd4 cxd4 5.Ne2 Qb6 6.Ng3 d6 7.Bc4 Nf6 8.O-O
Bg4 9.Qe1 Rc8 10.d3 Bd7 11.h3 e6 12.f4 Bc6 13.Bb3 h5 14.e5 dxe5 15.fxe5 
Nd5 16.Qe2 h4 17.Nh5 Ne3 18.Bxe3 dxe3 19.c3 Rc7 20.Qg4 e2+ 21.Rf2 Qe3 22.
Re1 Qxd3 23.Nf4 Qg3 24.Qxg3 hxg3 25.Rfxe2 Bc5+ 26.Kf1 Bf2 27.Rd1 Bb6 28.
Red2 Rc8 29.Ne2 Bb5 30.a4 Ba6 31.Bc2 g5 32.Bd3 g4 33.Bxa6 bxa6 34.Nxg3 
gxh3 35.gxh3 Rxh3 36.Ne4 Kf8 37.Kg2 Re3 38.Nf6 1/2-1/2

[Event "POL-chT3"]
[Site "Jastrzebia Gora POL"]
[Date "2016.09.04"]
[Round "2.2"]
[White "Walkusz, Witoslaw"]
[Black "Jedynak, Radoslaw"]
[Result "1/2-1/2"]
[WhiteElo "2140"]
[BlackElo "2366"]
[EventDate "2016.09.02"]

1.e4 e6 2.d4 d5 3.Nc3 Bb4 4.Ne2 dxe4 5.a3 Bxc3+ 6.Nxc3 Nc6 7.Bb5 Ne7 8.
Nxe4 O-O 9.Bxc6 Nxc6 10.c3 e5 11.d5 Ne7 12.c4 Bf5 13.Ng3 Bg6 14.O-O Qd6 
15.Qb3 c6 16.dxc6 Nxc6 17.Be3 Qe6 18.Qc3 h5 19.f4 exf4 20.Bxf4 Rad8 21.
Rae1 Qd7 22.Ne4 Qd4+ 23.Qxd4 Rxd4 24.Nd6 b6 25.Rd1 Bc2 26.Rxd4 Nxd4 27.Kf2
Rd8 28.Rc1 Ba4 29.h4 Ne6 30.Bg3 Nc5 31.Ke3 Rd7 32.Re1 Re7+ 33.Kd4 1/2-1/2

[Event "POL-chT3"]
[Site "Jastrzebia Gora POL"]
[Date "2016.09.04"]
[Round "2.3"]
[White "Tymrakiewicz, Rafal"]
[Black "Rawski, Slawomir"]
[Result "1-0"]
[WhiteElo "2285"]
[BlackElo "2175"]
[EventDate "2016.09.02"]

1.d4 Nf6 2.Nf3 e6 3.Bg5 c5 4.e3 Qb6 5.Nbd2 Qxb2 6.Be2 Qb6 7.O-O Be7 8.Nc4 
Qd8 9.dxc5 O-O 10.Nd6 Qa5 11.e4 Qxc5 12.e5 Nd5 13.Bxe7 Nxe7 14.Bd3 f5 15.
exf6 gxf6 16.Rb1 Nd5 17.Ne4 Qe7 18.c4 Nf4 19.Bc2 Nc6 20.Qd2 Ng6 21.Nd6 b6 
22.Bxg6 hxg6 23.Nh4 Qh7 24.Nxg6 Qxg6 25.Rb3 Ne5 26.Rg3 Ng4 27.f3 f5 28.
fxg4 f4 29.Rgf3 Ba6 30.Rxf4 Qg7 31.Ne4 Rxf4 32.Qxf4 Rf8 33.Nf6+ Rxf6 34.
Qxf6 Qxf6 35.Rxf6 Bxc4 36.a3 b5 37.Kf2 a5 38.Ke3 b4 39.axb4 axb4 40.Kd4 
Bd5 41.g5 b3 42.Kc3 Bxg2 43.Kxb3 Bh3 44.Kc4 d6 45.Rh6 Bf5 46.h4 Kg7 47.h5 
Bg4 48.Kd4 Bf5 49.Rf6 Kh7 50.Ke3 d5 51.Kd4 Bg4 52.Ke5 Kg7 53.h6+ 1-0

[Event "POL-chT3"]
[Site "Jastrzebia Gora POL"]
[Date "2016.09.04"]
[Round "2.4"]
[White "Cichon, Michal"]
[Black "Gmaj, Krzysztof"]
[Result "1/2-1/2"]
[WhiteElo "2021"]
[BlackElo "2192"]
[EventDate "2016.09.02"]

1.e4 c5 2.Nf3 Nc6 3.d4 cxd4 4.Nxd4 g6 5.Nc3 Bg7 6.Be3 Nf6 7.Be2 O-O 8.O-O 
d5 9.exd5 Nxd5 10.Nxd5 Qxd5 11.Bf3 Qc4 12.Nxc6 bxc6 13.c3 Be6 14.Qc2 Bd5 
15.Be2 Qh4 16.f3 a5 17.b3 e5 18.Qd2 h6 19.c4 Be6 20.Qd6 Rfc8 21.Rad1 Qf6 
22.f4 e4 23.g4 Bf8 24.Qd2 Rd8 25.Qc2 Rxd1 26.Bxd1 Re8 27.Qxe4 Qb2 28.Bd4 
Bd7 29.Qxg6+ fxg6 30.Bxb2 Bc5+ 31.Kg2 Re3 32.Bf3 a4 33.bxa4 Be6 34.Rc1 Bd6
35.Rd1 Bc5 36.Bd4 Bxd4 37.Rxd4 Ra3 38.Rd6 Kf7 39.Rxc6 Rxa4 40.Kg3 Rxa2 41.
f5 gxf5 42.gxf5 Bxf5 43.Rxh6 Be6 44.c5 Rc2 45.c6 Ke7 46.h4 Rc3 47.Kf4 Rc4+
48.Kg3 Rc3 49.Rh7+ Kf6 50.Kf4 Rc4+ 51.Kg3 Rc3 52.Rh6+ Ke5 53.Rh5+ Kf6 54.
Rb5 Bc8 55.h5 Bf5 56.Rb4 Be6 57.Kf4 Kg7 58.Ke5 Bh3 59.h6+ Kh7 60.Rf4 Rc5+ 
61.Kd6 Rc3 62.Rf6 Rd3+ 63.Kc5 Re3 64.Kd4 Re8 65.Be4+ Kh8 66.Rd6 Be6 67.c7 
Bg8 68.Rd8 Rxd8+ 69.cxd8=N Ba2 70.Ke5 Bb3 71.Kf6 Bg8 72.Bf5 Bb3 73.Be6 Bc2
74.Kg5 Bb1 75.Bf5 Ba2 76.Nc6 Bb3 77.Ne5 Ba2 78.Ng6+ Kh7 79.Nf8+ Kh8 80.
Ng6+ Kh7 81.Ne7+ Kh8 82.Kg6 Bf7+ 83.Kf6 Bb3 84.Be6 Bc2 85.Nd5 Kh7 86.Kg5 
Kh8 87.Bf5 Bb3 88.Ne7 Ba2 89.Nc6 Bb3 90.Nd4 Ba2 91.Nf3 Bb3 92.Ne5 Ba2 93.
Kf6 Bb3 94.Kg6 Bg8 95.Kf6 Bb3 96.Kg6 Ba2 97.Ng4 Be6 98.Kg5 Ba2 99.Nf6 Bf7 
100.Nh7 Bg8 101.Nf8 Bf7 102.Ng6+ Bxg6 1/2-1/2

[Event "POL-chT3"]
[Site "Jastrzebia Gora POL"]
[Date "2016.09.04"]
[Round "2.5"]
[White "Morkisz, Bogdan"]
[Black "Drzazga, Rafal"]
[Result "1-0"]
[WhiteElo "2020"]
[BlackElo "2068"]
[EventDate "2016.09.02"]

1.e4 e5 2.Nf3 Nc6 3.Nc3 Bc5 4.Nxe5 Nxe5 5.d4 Bd6 6.dxe5 Bxe5 7.Bd3 d6 8.f4
Bxc3+ 9.bxc3 Qh4+ 10.g3 Qf6 11.Bd2 Nh6 12.O-O Bh3 13.Re1 O-O 14.Qf3 Ng4 
15.Qe2 Rfe8 16.Rab1 Rab8 17.Rb5 g6 18.Rg5 h5 19.Bc4 Kg7 20.Qd3 c6 21.Be3 
Nxe3 22.Qxe3 b5 23.Bf1 Bxf1 24.Rxf1 Kh6 25.g4 hxg4 26.Rxg4 d5 27.f5+ g5 
28.h4 Rg8 29.hxg5+ Rxg5 30.Kf2 1-0

[Event "POL-chT3"]
[Site "Jastrzebia Gora POL"]
[Date "2016.09.04"]
[Round "2.6"]
[White "Mikulewicz, Joanna"]
[Black "Kubicka, Anna"]
[Result "1/2-1/2"]
[WhiteElo "2075"]
[BlackElo "2239"]
[EventDate "2016.09.02"]

1.e4 c6 2.d4 d5 3.Nc3 dxe4 4.Nxe4 Bf5 5.Ng3 Bg6 6.Nh3 e6 7.Nf4 Bd6 8.Bc4 
Qc7 9.Nfh5 Kf8 10.Bd2 Nd7 11.Qf3 Ngf6 12.Bd3 Qb6 13.O-O-O Bxd3 14.Qxd3 Be7
15.Nxf6 Nxf6 16.Qb3 Qxb3 17.axb3 h5 18.f3 Rd8 19.c3 g6 20.Ne4 Nd5 21.c4 
Nf6 22.Bc3 Kg7 23.Kc2 Rd7 24.Nc5 Rc7 25.Rhe1 Rhc8 26.Nd3 Kg8 27.Ne5 b5 28.
Re2 Nd7 29.Nd3 Nb6 30.Ba5 c5 31.Bxb6 axb6 32.dxc5 bxc4 33.bxc4 Bxc5 34.Kd2
Bd6 35.b3 Bxh2 36.g4 Bg3 37.gxh5 gxh5 38.Rg2 h4 39.Nf2 Rd7+ 40.Ke2 Rxd1 
41.Kxd1 f5 42.Nh3 Kf7 43.Ra2 Kf6 44.Ke2 Bd6 45.Ra6 Bc5 46.f4 Rg8 47.b4 Bd4
48.Ng5 Rh8 49.Ra3 e5 50.Nh3 Rg8 51.c5 bxc5 52.Ra6+ Ke7 53.bxc5 Rg3 54.Ng5 
Re3+ 55.Kf1 exf4 56.Rh6 Rg3 57.Re6+ Kf8 58.Rg6 Bxc5 59.Ne6+ Kf7 60.Rxg3 
fxg3 61.Nxc5 Kf6 62.Kg2 Kg5 63.Kf3 Kf6 64.Nd3 Kg5 65.Nf4 Kf6 66.Nh3 Ke5 
67.Ng5 Kd4 68.Nh3 Kd3 69.Nf4+ Kd2 70.Ng6 Ke1 71.Nxh4 f4 72.Ng2+ Kf1 73.
Nxf4 1/2-1/2

[Event "POL-chT3"]
[Site "Jastrzebia Gora POL"]
[Date "2016.09.04"]
[Round "2.7"]
[White "Licznerski, Lukasz"]
[Black "Kantans, Toms"]
[Result "1-0"]
[WhiteElo "2260"]
[BlackElo "2491"]
[EventDate "2016.09.02"]

1.e4 c5 2.Nf3 d6 3.Bb5+ Nd7 4.c3 a6 5.Ba4 Nf6 6.Qe2 e5 7.O-O Be7 8.d4 O-O 
9.Bc2 Re8 10.dxe5 dxe5 11.a4 b6 12.Rd1 Qc7 13.Bb3 h6 14.Qc4 Rf8 15.Nh4 b5 
16.Qe2 bxa4 17.Rxa4 Nb6 18.Ra2 Bb7 19.Ng6 Bxe4 20.Nxe7+ Qxe7 21.Nd2 Bb7 
22.Nc4 Bd5 23.Ra3 Qe6 24.Nxb6 Bxb3 25.Rxb3 Qxb3 26.Nxa8 Rxa8 27.h3 Qe6 28.
Be3 Rc8 29.Qd3 Rc6 30.c4 g5 31.b3 Kg7 32.Qd8 e4 33.Qa5 Qe7 34.Rd8 Kg6 35.
Ra8 Qb7 36.Rh8 Qxb3 37.Qd8 Qxc4 38.Qf8 Kf5 39.Qxh6 Qd5 40.Bxg5 Qd1+ 41.Kh2
Qd6+ 42.g3 Nd5 43.Qh5 Qg6 44.Qg4+ Ke5 45.Rh6 Qxh6 46.Bxh6 Rxh6 47.Qg5+ Kd4
48.Qd2+ Ke5 49.Qxh6 c4 50.Qxa6 Kd4 51.Qa7+ 1-0

[Event "POL-chT3"]
[Site "Jastrzebia Gora POL"]
[Date "2016.09.04"]
[Round "2.8"]
[White "Kuzmicz, Krystian"]
[Black "Zielinski, Maciej"]
[Result "0-1"]
[WhiteElo "2470"]
[BlackElo "2111"]
[EventDate "2016.09.02"]

1.g3 d5 2.Bg2 e5 3.c4 c6 4.cxd5 cxd5 5.d4 e4 6.Nc3 Nc6 7.Nh3 Bb4 8.O-O 
Nge7 9.Nf4 O-O 10.f3 f5 11.fxe4 fxe4 12.e3 Bf5 13.Bd2 Bxc3 14.Bxc3 Qd7 15.
Qb3 g5 16.Ne2 Bg4 17.Rae1 Bf3 18.Bb4 Rf6 19.Bxe7 Nxe7 20.Nc3 Rb6 21.Qa4 
Qg4 22.Bxf3 exf3 23.Rf2 h5 24.Kh1 h4 25.Rg1 Rh6 26.gxh4 Qxh4 27.Nd1 g4 28.
Qd7 g3 29.Rxg3+ Qxg3 30.Qxe7 Rxh2+ 0-1